Sports Quiz

Random Sports or NFL Quiz

NFL Third Overall Picks 1990-2012 Quiz Stats

 Plays Quiz not verified by Sporcle

Challenge
Share
Tweet
Embed
Score 0/23 Timer 10:00
0 Plays Today
Year Player % Correct
2008Matt Ryan
100%
2006Vince Young
98.3%
2004Larry Fitzgerald
98.3%
2003Andre Johnson
98.3%
2012Trent Richardson
96.6%
2005Braylon Edwards
94.9%
2007Joe Thomas
91.5%
2002Joey Harrington
91.5%
1999Akili Smith
89.8%
1995Steve McNair
71.2%
2010Gerald McCoy
66.1%
2011Marcell Dareus
64.4%
Year Player % Correct
2009Tyson Jackson
62.7%
2000Chris Samuels
61%
1994Heath Shuler
54.2%
1996Simeon Rice
44.1%
1990Cortez Kennedy
44.1%
2001Gerard Warren
42.4%
1997Shawn Springs
33.9%
1998Andre Wadsworth
28.8%
1993Garrison Hearst
25.4%
1991Bruce Pickens
8.5%
1992Sean Gilbert
5.1%

You're not logged in!

Compare scores with friends on all Sporcle quizzes.
Join for Free
OR
Log In

You Might Also Like...

Show Comments

Extras

Top Quizzes Today


Score Distribution

Your Account Isn't Verified!

In order to create a playlist on Sporcle, you need to verify the email address you used during registration. Go to your Sporcle Settings to finish the process.

Report this User

Report this user for behavior that violates our Community Guidelines.

Details: